Normal view
MARC view
- Williams, George,
Entry Personal Name
001 - CONTROL NUMBER
- control field: 128992
003 - CONTROL NUMBER IDENTIFIER
- control field: NUST
005 - DATE AND TIME OF LATEST TRANSACTION
- control field: 20250516104215.0
008 - FIXED-LENGTH DATA ELEMENTS
- fixed length control field: 250516|| aca||aabn | a|a d
040 ## - CATALOGING SOURCE
- Original cataloging agency: NUST
- Transcribing agency: NUST
100 ## - HEADING--PERSONAL NAME
- Personal name: Williams, George,
- Dates associated with a name: 1969-
670 ## - SOURCE DATA FOUND
- Source citation: Work cat.: (NUST)0: Lynch, Andrew, 1973- 128988, What price security? :, 2006.
